000 00629nam a22002177a 4500
003 IT-MiCISF
005 20250407192542.0
008 190329b ||||| |||| 00| 0 eng d
040 _aIT-MiCISF
_cIT-MiCISF
041 _ait
100 _aCarrĂ  Elisabetta
_957720
245 _aModus vivendi e benessere relazionale delle famiglie con figli (0-13 anni)
250 _a"Sociologia e politiche sociali", vol. 19, n. 3
260 _c2016
300 _app. 139-160
310 _aquadrimestrale
500 _afamiglia, figli-piccoli, stile-di-vita
650 _afamiglia
_956036
654 _aarticolo
942 _2ddc
_cCR
999 _c358189
_d358189